000 00390pam a2200157a 44500
008 230515b2001 xxu||||| |||| 00| 0 eng d
020 _aNULL
041 _aENGLISH
082 _a621.381 NAL
100 _aHARI SINGH NALWA
245 _aHANDBOOK OF ADVANCED ELECTRONIC &PHOTONIC MATERIAL & DEVICES VOL-10
250 _a1
260 _aNULL
_bNA
_c2001
300 _a313
650 _aNULL
999 _c654884
_d654884